000 00543nam a2200181Ia 4500
003 GCL
005 20240530104105.0
008 140319s9999 xx 000 0 ara d
040 _aGCL /
_cGCL
082 0 4 _a153.8
_bش ت
100 _aالشركة الشرقية للمطبوعات
245 1 0 _aتحدى الذات :
_bارادة فاعلة /
_cالشركة الشرقية للمطبوعات
300 _a96 ص
650 0 4 _aعلم النفس
650 0 4 _aالارادة
650 0 4 _aالامراض النفسية
942 _2ddc
_cBK
999 _c44549
_d44549